000 00969nam a2200241Ia 4500
003 GCL
008 140319s9999 xx 000 0 ara d
020 _a9092829953
040 _aGCL /
_cGCL
082 0 4 _a320.9569
_bع ا
100 1 _aعبدالاله بلقزيز
245 1 0 _aازمة المشروع الوطنى الفلسطينى :
_bمن فتح الى حماس /
_cعبدالاله بلقزيز
250 _aالاولى
260 _aبيروت :
_bمركز دراسات الوحدة العربية ،
_c2006
300 _a159 ص ؛
_c24 سم
650 0 4 _aالنزاع العربى الاسرائيلى
650 0 4 _aمنظمة التحرير الفلسطينية
650 0 4 _aفلسطين - الاحوال السياسية
650 0 4 _aفلسطين - تاريخ - العصر الحديث - الاحتلال الصهيونى
650 0 4 _aفلسطين - الاضطرابات السياسية
650 0 4 _aحركة حماس
942 _2ddc
_cBK
999 _c8987
_d8987